Data structures : a pseudocode approach with C (Record no. 187653)

MARC details
000 -LEADER
fixed length control field 00479nam a2200169Ia 4500
005 - DATE AND TIME OF LATEST TRANSACTION
control field 20241223172837.0
008 - FIXED-LENGTH DATA ELEMENTS--GENERAL INFORMATION
fixed length control field 231217s9999 xx 000 0 und d
020 ## - INTERNATIONAL STANDARD BOOK NUMBER
International Standard Book Number 9788131503140
082 ## - DEWEY DECIMAL CLASSIFICATION NUMBER
Classification number 001.64 GIL;14 R
100 ## - MAIN ENTRY--PERSONAL NAME
Personal name Gilberg, Richard FForouzan, Behrouz A
245 #0 - TITLE STATEMENT
Title Data structures : a pseudocode approach with C
250 ## - EDITION STATEMENT
Edition statement 2nd ed.
260 ## - PUBLICATION, DISTRIBUTION, ETC. (IMPRINT)
Date of publication, distribution, etc. 2005
Name of publisher, distributor, etc. Cengage Learning
Place of publication, distribution, etc. New Delhi
300 ## - PHYSICAL DESCRIPTION
Extent xvi, 720
650 ## - SUBJECT ADDED ENTRY--TOPICAL TERM
Topical term or geographic name as entry element structures,pseudocode,C
942 ## - ADDED ENTRY ELEMENTS (KOHA)
Koha item type Books
Holdings
Date last seen Total Checkouts Full call number Accession number Old discount Date checked out Cost, replacement price Price effective from Category Lost status Damaged status Department Withdrawn status bill no. bill date Permanent Location Current Location Shelving location Entry date Vendor Cost, normal purchase price Grants Currency symbol Conversion rate Discount Discount type Total Renewals
29/11/2025 1 001.64 GIL;14 R 68841 28 31/10/2025 284.40 26/01/2024 Books     Central Library   60089 25/02/2014 Central Library RFID Kiosk Central Library 27/08/2010 Book Paradise 395.00 MCA RS 1 110.6 Rupees  
25/11/2025 3 001.64 GIL;15 R1 68842 28 10/11/2025 284.40 26/01/2024 Books     Central Library   60089 25/02/2014 Central Library RFID Kiosk Central Library 27/08/2010 Book Paradise 395.00 MCA RS 1 110.6 Rupees 1

© For any Suggestions or Query, please contact the library staff @ librarian@pes.edu or Phone: +9180 2672 1983/ 2108.